000 00729cam a2200229 a 4500
001 000001263
005 20200929145526.0
008 951128s1996 txu 000 0 eng
020 _a0964905000
040 _aDO-SdBNP
_cDLC
082 _a299.93
_bS972g
100 1 _aSwanson, John
_94282
245 1 0 _aGod in time :
_ban introduction to Entitarianism /
_cJohn Swanson.
246 1 0 _aAn introduction to Entitarianism
260 _aGarland, Texa :
_bEntity Mission,
_c1996.
300 _avi, 273 p. ;
_c23 cm.
650 4 _aReligiones
_94283
650 4 _aPensamiento religioso
_ySIGLO XX
_94284
610 2 0 _aENTITY MISSION (GARLAND, TEX.)
_94285
910 _aCatalogación por copia / LC
910 _aJornada de catalogación
999 _c1206
_d1206